| 000 | 00703nam a2200193 4500 | ||
|---|---|---|---|
| 001 | 127423 | ||
| 003 | ES-MaACL | ||
| 005 | 20260201174912.0 | ||
| 007 | t| | ||
| 008 | 070214s1901 gw r ||||1| ger d | ||
| 100 | 1 |
_aRichter, Otto. _996984 |
|
| 245 | 1 | 0 |
_aTopographie der Stadt Rom. / _cvon prof. Otto Richter. |
| 260 |
_aMünchen : _b[s. n.], _c1901 ( _eNördlingen : _fC. H. Beck'sche Verlagsbuchhandlung, Oskar Beck) |
||
| 300 |
_a411 p., 18 lám. : _b32 il. ; _c25 cm + _e2 plan. |
||
| 490 | 1 |
_aHandbuch der Klassischen Altertums-Wissenschaft ; _v3,3,2 |
|
| 830 | 0 |
_aHandbuch der Klassischen Altertums-Wissenschaft _v3,3,2 _9187502 |
|
| 852 |
_aES-MaACL _jF-15189 |
||
| 999 |
_c127423 _d127423 |
||